Juego serio : (Registro nro. 30932)

Detalles MARC
000 -CABECERA
Longitud fija campo de control 01349nam a2200241 a 4500
003 - • IDENTIFICADOR DELl NÚMERO DE CONTROL
Identificador del número de control CO-ViMGA
008 - • CÓDIGOS DE INFORMACIÓN DE LONGITUD FIJA
Códigos de información de longitud fija 141112s2004 ck r 000 u spa d
040 ## - FUENTE DE LA CATALOGACIÓN
Centro catalogador de origen CO-ViMGA
Lengua de catalogación spa
Centro transcriptor CO-ViMGA
082 04 - • NÚMERO DE LA CLASIFICACIÓN DECIMAL DEWEY
Número de clasificación (R) 658.5 S247j
100 1# - • PUNTO DE ACCESO PRINCIPAL-NOMBRE DE PERSONA
Nombre de persona Schrage, Michael
245 10 - • TITULO PROPIAMENTE DICHO
Título Juego serio :
Resto del título cómo las mejores compañías usan la simulación para innovar
300 ## - • DESCRIPCIÓN FÍSICA
Extensión 240
505 ## - • NOTA DE CONTENIDO CON FORMATO
Nota de contenido con formato Parte I : Exposicion de la realidad, la nueva Economía de la innovacion, el conocimiento en forma de hoja de calculo 1 - 31 - - Parte II : Comportamientos de los modelos, Nuestros modelos, nosotros, Desperdicio productivo, prepararse para las sorpresas, los peligros de hacer prototipos patologicamente 32 - 127 - - Parte III : Estimular la innovacion, Estimulo a las intervenciones, Medicion de los beneficios de hacer prototipos, Metadinamica la evolucion como practica de negocios 128 - 189
590 ## - NOTAS LOCALES
Nota local Forma de adquisición : Compra - - Precio : 28000 - - Proveedor : Dismet - - Fecha de adquisición : 2008
650 14 - • PUNTO DE ACCESO ADICIONAL DE MATERIA - TÉRMINO DE MATERIA
Término de materia o nombre geográfico como elemento inicial ADMINISTRACION DE EMPRESAS - INNOVACIONES TECNOLOGICAS
650 14 - • PUNTO DE ACCESO ADICIONAL DE MATERIA - TÉRMINO DE MATERIA
Término de materia o nombre geográfico como elemento inicial CONTROL DE PROCESOS INDUSTRIALES
650 14 - • PUNTO DE ACCESO ADICIONAL DE MATERIA - TÉRMINO DE MATERIA
Término de materia o nombre geográfico como elemento inicial Investigación OPERACIONAL
650 14 - • PUNTO DE ACCESO ADICIONAL DE MATERIA - TÉRMINO DE MATERIA
Término de materia o nombre geográfico como elemento inicial METODOS DE SIMULACION
650 14 - • PUNTO DE ACCESO ADICIONAL DE MATERIA - TÉRMINO DE MATERIA
Término de materia o nombre geográfico como elemento inicial SIMULACION POR COMPUTADORES
942 ## - ENTRADA DE ELEMENTOS AGREGADOS (KOHA)
Fuente de clasificaión o esquema Dewey Decimal Classification
Koha [por defecto] tipo de item LIbro
Existencias
Perdido Fuente de clasificación o esquema Estado Físico No para préstamo Forma de adquisición Localización permanente Localización actual Fecha adquisición Serie de enumeración / cronolog&íacute;a Préstamos totales Signatura completa Código de barras Fecha última consulta Número de copia Fecha del precio de reemplazo Tipo de item de Koha
  Dewey Decimal Classification     Sala Especializada Tercer Piso Biblioteca Pública Germán Arciniegas - Villavicencio Biblioteca Pública Germán Arciniegas - Villavicencio 12/04/2015 Volumen. 1 | 11/jun/2009   658.5 S247j 22631 12/04/2015 Ej. 1 12/04/2015 LIbro









Instituto Departamental de Cultura del Meta - Red Departamental de Bibliotecas Públicas del Meta.